Administracion (Registro nro. 7942)
[ vista simple ]
| 000 -CABECERA | |
|---|---|
| campo de control de longitud fija | 00591nam a22002057a 4500 |
| 003 - IDENTIFICADOR DEL NÚMERO DE CONTROL | |
| campo de control | DO-SdBJH |
| 005 - FECHA Y HORA DE LA ÚLTIMA TRANSACCIÓN | |
| campo de control | 20241018143756.0 |
| 008 - DATOS DE LONGITUD FIJA--INFORMACIÓN GENERAL | |
| campo de control de longitud fija | 241018b |||||||| |||| 00| 0 spa d |
| 020 ## - NÚMERO INTERNACIONAL ESTÁNDAR DEL LIBRO | |
| Número Internacional Estándar del Libro | 970-17-0388-x |
| 040 ## - FUENTE DE LA CATALOGACIÓN | |
| Centro catalogador/agencia de origen | DO-SdBJH |
| Lengua de catalogación | spa |
| Centro/agencia transcriptor | DO-SdBJH |
| 082 ## - NÚMERO DE LA CLASIFICACIÓN DECIMAL DEWEY | |
| Número de edición | AFA 658 |
| Número de clasificación | R636a |
| Número de documento/Ítem | 2000 |
| 100 ## - ENTRADA PRINCIPAL--NOMBRE DE PERSONA | |
| Autor Personal | Robbins, Stephen P.; Coulter Mary |
| 245 ## - MENCIÓN DE TÍTULO | |
| Título | Administracion |
| Mención de responsabilidad, etc. | Stephen P. Robbins; Mary Coulter |
| 250 ## - MENCIÓN DE EDICIÓN | |
| Mención de edición | 6ta. edicion |
| 260 ## - PUBLICACIÓN, DISTRIBUCIÓN, ETC. | |
| Lugar de publicación, distribución, etc. | Mexico : |
| Nombre del editor, distribuidor, etc. | Pearson Educacion, |
| Fecha de publicación, distribución, etc. | 2000 |
| 300 ## - DESCRIPCIÓN FÍSICA | |
| Extensión | 645 Paginas, fotos |
| 440 ## - MENCIÓN DE SERIE/PUNTO DE ACCESO ADICIONAL--TÍTULO | |
| Título | posee indice, glosario |
| 500 ## - NOTA GENERAL | |
| Nota general | 1. administracion |
| 942 ## - ELEMENTOS DE PUNTO DE ACCESO ADICIONAL (KOHA) | |
| Fuente del sistema de clasificación o colocación | Dewey Decimal Classification |
| Tipo de ítem Koha | Libros |
| Estado de retiro | Estado de pérdida | Fuente del sistema de clasificación o colocación | Estado dañado | No para préstamo | Código de colección | Localización permanente | Ubicación/localización actual | Ubicación en estantería | Fecha de adquisición | Número de inventario | Total de préstamos | Signatura topográfica completa | Código de barras | Fecha visto por última vez | Número de copia | Precio válido a partir de | Tipo de ítem Koha |
|---|---|---|---|---|---|---|---|---|---|---|---|---|---|---|---|---|---|
| Dewey Decimal Classification | Colección General | SIBM UNADE - Biblioteca Academia Aérea General de Brigada Piloto Frank A. Feliz Miranda, FARD | SIBM UNADE - Biblioteca Academia Aérea General de Brigada Piloto Frank A. Feliz Miranda, FARD | En estantería | 10/18/2024 | 23-AFARD-2447 | AFA 658 R636a 2000 | 23-AFARD-2447 | 10/18/2024 | e.1 | 10/18/2024 | Libros |
